000 00890nam a22002297a 4500
005 20240530110602.0
008 161011s2014 ua f b 000 0dara d
017 _a2014/19940
_bمصر. دار الكتب
020 _a9789779100227
040 _aEG-CaGPL
_cEG-CaGPL
082 0 4 _221
_a379.62
_bق/ش م
100 0 _aشاكر رفعت شاكر بدوى .
245 1 2 _aالمدارس فى مصر :
_bالواقع و المأمول : نظرة استشراقية /
_cتاليف شاكر رفعت شاكر بدوى .
250 _aط1.
260 _aالقاهرة :
_bالهيئة المصرية العامة للكتاب ،
_c2014 .
300 _a196 ص ؛
_c24 سم .
504 _aيشتمل على ارجاعات ببليوجرافية .
650 0 7 _2qrmak
_aالمدارس
_zمصر .
650 0 7 _aالتعليم
_zمصر .
942 _2ddc
_cBK
999 _c62686
_d62686